000 01829nab a2200277 ab4500
005 20251114143558.0
008 991125c2016 mx fr p 000 spa d
035 _aUPN01000219982
049 _aART
003
040 _aMX-MxUPN
_bspa
_cMX-MxUPN
_eaacr
100 1 _aMurguía Lores, Adriana
100 1 _aOrdorika Sacristán, Teresa
100 1 _aGuerrero Mc Manus, Fabrizzio
245 1 0 _aConsideraciones epistemológicas en torno a la medicalización en américa latina :
_b balances y propuestas
520 3 _aEl proceso de medicalización de la sociedad, que implica la expansión del alcance de la experiencia médica, es un aspecto destacado de la modernidad tardía. Como tal, este proceso ha alcanzado una dimensión global. Sin embargo, es poco probable que este proceso ocurra de manera idéntica en todas las partes del mundo. Por lo tanto, creemos fundamental analizar las epistemologías de la medicalización, es decir, del conjunto de estrategias metodológicas empleadas en el estudio de este proceso. Bajo esta luz ofrecemos aquí una reflexión reflexiva sobre los riesgos y méritos que suelen encontrarse en la investigación sobre este tema. Por lo tanto, ofrecemos algunas instrucciones, así como una serie de casos en los que ejemplificamos la relevancia de estas pautas ya mencionadas.
_cLudus vitalis (traducción del resumen hecha con IA)
530 _a Disponible también en formato electrónico
653 0 _aMedicalización
653 0 _aAmérica Latina
653 0 _aEpistemología
773 _gVol. 24, no. 46, (2016), p. 99-128
_tLudus vitalis: revista de filosofía de las ciencias de la vida
_x1133-5165
856 4 _uhttps://www.centrolombardo.edu.mx/ludus-vitalis-busqueda-avanzada/entry/5745/
902 _aLeonor Sotres/141125
905 _aArticulo
942 _cAI
999 _c192081
_d192081